Kid Beowulf: The Tarpeian Rock #1 /

Twin brothers, Beowulf and Grendel are lost in Italia, trapped as slaves who must fight for their freedom in the gladiatorial games. Meanwhile in the Tiber River Valley two tribes are at odds and another pair of twins, Romulus and Remus, will incite a revolution no one was ready for. Full Color, 37...

Full description

Bibliographic Details
Corporate Author: Library Pass, LLC
Other Authors: Fajardo, Alexis E. (writer.)
Format: eBook
Language:English
Published: [United States] : Kid Beowulf Comics, 2020.
Subjects:
Online Access:Connect to this electronic book (First time users create your free account)

MARC

Tag First Indicator Second Indicator Subfields
LEADER 00000nmm a22000001a 4500
001 in00004620587
006 m|||||o||m||||||||
007 cr|cn |||uuuuu
008 221118s2020 xxu||||co|||| ||||||eng d
005 20221207215938.7
035 |a (TxWaIVM)IV78756KiKi 
040 |a TxWaIVM  |c TxWaIVM 
245 0 0 |a Kid Beowulf: The Tarpeian Rock #1 /  |c powered by Library Pass. 
260 3 |a [United States] :  |b Kid Beowulf Comics,  |c 2020. 
300 |a 1 online resource. 
336 |a text  |b txt  |2 rdacontent 
337 |a computer  |b c  |2 rdamedia 
338 |a online resource  |b cr  |2 rdacarrier 
520 |a Twin brothers, Beowulf and Grendel are lost in Italia, trapped as slaves who must fight for their freedom in the gladiatorial games. Meanwhile in the Tiber River Valley two tribes are at odds and another pair of twins, Romulus and Remus, will incite a revolution no one was ready for. Full Color, 37 pages 
521 |a 5 
538 |a Requires a valid library card and registration for new users. 
538 |a Mode of access: World Wide Web. 
538 |a System requirements: Flash 10.1 or higher, Windows XP and higher, Internet Explorer 7 and higher, Firefox 3.6 and higher, Google Chrome; Max OS 10.5 and higher, Safari 4 and higher. 
650 0 |a Comic books, strips, etc. 
655 7 |a Electronic books.  |2 local 
655 7 |a Comic books, strips, etc.  |2 gsafd 
650 0 |a Motion pictures and comic books 
655 7 |a Motion pictures and comic books  |2 gsafd 
650 0 |a Comic books, strips, etc. 
655 7 |a Comic books, strips, etc.  |2 gsafd 
650 0 |a Fantasy comic books, strips, etc. 
655 7 |a Fantasy comic books, strips, etc.  |2 gsafd 
650 0 |a Comic books, strips, etc. --History 
655 7 |a Comic books, strips, etc. --History  |2 gsafd 
650 0 |a Literary 
655 7 |a Literary  |2 gsafd 
650 0 |a Comic books, strips, etc. --Mythology 
655 7 |a Comic books, strips, etc. --Mythology  |2 gsafd 
650 0 |a Fantasy comic books, strips, etc. 
655 7 |a Fantasy comic books, strips, etc.  |2 gsafd 
700 1 |a Fajardo, Alexis E..  |e writer. 
700 1 |a Fajardo, Alexis E..  |e artist. 
710 2 |a Library Pass, LLC. 
856 4 0 |u http://proxy.library.tamu.edu/login?url=https://tamu.librarypass.com/product/com.iversecomics.kid.beowulf.comics.kid.beowulf.the.tarpeian.rock.one.english.07142020  |z Connect to this electronic book (First time users create your free account)  |t 0 
955 |a Comics Plus. 
999 f f |s 88344694-1421-4e8f-a21a-08ec3fee3d15  |i 03e8ebb2-108f-4f07-a1b4-bf673756d61f  |t 0 
952 f f |a Texas A&M University  |b College Station  |c Electronic Resources  |d Available Online  |t 0  |h Library of Congress classification 
998 f f |t 0  |l Available Online